Statistiques concernant Culture cinématographique - Série 08

Cliquez ici pour prendre le quiz!

Statistiques générales

  • Ce quiz a été pris 118 fois
  • Le résultat moyen est 7 sur 10

Statistiques - réponses

QuestionRéponse% Correct
Dans le film "Banzaï) réalisé par Claude Zidi en 1983, qui joue le rôle de "Michel Bernardin, de planète assistance ?"Coluche
89%
Dans le film "Basic instinct" réalisé par Paul Verhoeven en 1992, qui joue le rôle de "Catherine Tramell " ?Sharon Stone
86%
Dans le film "Le Samouraï" réalisé par Jean Pierre Melville en 1967, qui incarne le rôle de "Jef Costello, dit le Samouraï ?Alain Delon
82%
Dans le film "Basic instinct" réalisé par Paul Verhoeven en 1992, qui joue le rôle du " détective Nick Curran" ?Michael Douglas
81%
Dans le film "Le viager" réalisé par Pierre Tchernia en 1972, quel acteur joue le rôle de "Louis Martinet - le viager" ?Michel Serrault
80%
Dans le film "La belle et la bête" réalisé par Jean Cocteau en 1946, qui incarne "La bête" ?Jean Marais
80%
Dans le film "Les dix commandements" réalisé par Cecil B. DeMille en 1956, qui incarne le rôle de "Moïse" ?Charlton Heston
72%
Dans le film "Adieu poulet" réalisé par Pierre Granier-Deferre en 1975, qui incarne le rôle de "l'inspecteur Verjeat" ?Lino Ventura
60%
Dans le film "Le viager" réalisé par Pierre Tchernia en 1972, quel acteur joue le rôle de "Léon Galipeau - médecin" ?Michel Galabru
55%
Dans le film "Que la bête meure" réalisé par Claude Chabrol en 1969, qui incarne le rôle de l'ignoble "Paul Decourt" ?Jean Yanne
47%

Distribution des résultats

Percentile par nombre de réponses

% des personnes avec chaque résultat

Votre développement - résultats

Vous n’avez pas pris ce quiz